Managing water quality : (Registro nro. 2753)
[ vista simple ]
| 000 -CABECERA | |
|---|---|
| Campo de control | 01111pam a2200265 a 4500 |
| 005 - FECHA Y HORA DE LA ULTIMA TRANSACCION | |
| Campo de control | 20200104041535.0 |
| 008 - ELEMENTOS DE LONGITUD FIJA—INFORMACION GENERAL | |
| Campo de control | 840823t19841968dcua b 001 0 eng |
| 020 ## - ISBN | |
| ISBN | 0915707136 (pbk.) : |
| Términos de disponibilidad | $9.50 |
| 040 ## - FUENTE DE CATALOGACIÓN | |
| Agencia catalogadora original | DLC |
| Agencia transcriptora | DLC |
| Agencia Modificadora | DLC |
| -- | CO-BoIAVH |
| 041 ## - IDIOMA | |
| Código de idioma para texto/pista de sonido o título separado | Inglés |
| 082 00 - NUMERO DE CLASIFICACION DECIMAL DEWEY | |
| Número de clasificación | 363.7394 |
| Número del ítem | K68m |
| 100 1# - ASIENTO PRINCIPAL--NOMBRE PERSONAL | |
| Nombre personal | Kneese, Allen V. |
| 9 (RLIN) | 17290 |
| 245 10 - MENCION DE TITULO | |
| Título | Managing water quality : |
| Parte restante del título | economics, technology, institutions / |
| Mención de responsabilidad | Allen V. Kneese and Blair T. Bower. |
| 260 ## - PUBLICACION, DISTRIBUCION, ETC. (PIE DE IMPRENTA) | |
| Lugar de publicación, distribución, etc. | Washington, D.C. : |
| Nombre del editor, distribuidor, etc. | Resources for the Future ; |
| Lugar de publicación, distribución, etc. | Baltimore : |
| Nombre del editor, distribuidor, etc. | Distributed by Johns Hopkins University Press, |
| Fecha de publicación, distribución, etc. | 1984, c1968. |
| 300 ## - DESCRIPCION FISICA | |
| Extensión | xiv, 328 p. : |
| Otros detalles físicos | ill. ; |
| Dimensiones | 23 cm. |
| 500 ## - NOTA GENERAL | |
| Nota general | Revision of: The economics of regional water quality management / by Allen V. Kneese. |
| 504 ## - NOTA DE BIBLIOGRAFIA, ETC. | |
| Nota de bibliografía | Includes bibliographical references and index. |
| 650 #0 - ASIENTO SECUNDARIO DE MATERIA - TERMINO TEMATICO | |
| Término temático o nombre geográfico como elemento de entrada | Water quality management. |
| 9 (RLIN) | 48795 |
| 650 #0 - ASIENTO SECUNDARIO DE MATERIA - TERMINO TEMATICO | |
| Término temático o nombre geográfico como elemento de entrada | Gestión de la calidad del agua. |
| 9 (RLIN) | 3058 |
| 650 #0 - ASIENTO SECUNDARIO DE MATERIA - TERMINO TEMATICO | |
| Término temático o nombre geográfico como elemento de entrada | Agua |
| 9 (RLIN) | 161 |
| 700 1# - ASIENTO SECUNDARIO - NOMBRE PERSONAL | |
| Nombre personal | Bower, Blair T. |
| 9 (RLIN) | 17294 |
| 700 1# - ASIENTO SECUNDARIO - NOMBRE PERSONAL | |
| Nombre personal | Kneese, Allen V. |
| Title of a work | Economics of regional water quality management. |
| 9 (RLIN) | 56928 |
| 710 2# - ASIENTO SECUNDARIO - NOMBRE CORPORATIVO | |
| Nombre corporativo o de jurisdicción como elemento de entrada | Resources for the Future. |
| 9 (RLIN) | 56929 |
| 942 ## - ELEMENTOS ADICIONALES (KOHA) | |
| Sistema de clasificación | Dewey Decimal Classification |
| Tipo de ítem | Libro |
| Withdrawn status | Lost status | Sistema de Clasificación | Damaged status | No para préstamo | Colección | Inventariado | Ubicación Permanente | Ubicación actual | Fecha de adquisición | Fuente de Valor | Valor | Total Checkouts | Número topográfico | Inventario / Código de Barras | Date last seen | Ejemplar | Price effective from | Forma de adquisición | Tipo de material |
|---|---|---|---|---|---|---|---|---|---|---|---|---|---|---|---|---|---|---|---|
| Dewey Decimal Classification | General | Inventariado 2017 | Bogotá | Bogotá | 18/06/2002 | Instituto | 39000.00 | LB-363.7394 K68m | 004947 | 04/12/2012 | Ej. 1 | 04/12/2012 | Compra | Libro |